[Event "Erfurt op-A 29th"]
[Site "Erfurt"]
[Date "2019.12.29"]
[Round "6"]
[White "Greiner, Timo"]
[Black "Brendel, Bergit"]
[Result "0-1"]
[WhiteElo "2086"]
[BlackElo "1970"]
[PlyCount "158"]
[EventDate "2019.12.26"]
[EventType "swiss"]
[EventRounds "8"]
[EventCountry "GER"]
[SourceTitle "CBM 194 Extra"]
[Source "ChessBase"]
[SourceDate "2020.03.31"]
[SourceVersion "1"]
[SourceVersionDate "2020.03.31"]
[SourceQuality "1"]

1. e4 Nf6 2. e5 Nd5 3. d4 d6 4. Nf3 dxe5 5. Nxe5 c6 6. Bc4 Nd7 7. Nf3 g6 8. 0-0 Bg7 9. h3 0-0 10. Re1 N7b6 11. Bb3 Bf5 12. Bg5 h6 13. Bh4 a5 14. a4 Nf6 15. Nbd2 Nbd5 16. g4 Be6 17. Ne5 Nf4 18. Bxe6 fxe6 19. Bg3 Nxh3+ 20. Kg2 Ng5 21. f4 Nf7 22. Nxg6 Re8 23. c3 c5 24. Qb3 cxd4 25. cxd4 Ra6 26. Rxe6 Nxg4 27. Rae1 Rxe6 28. Qxe6 Qxd4 29. Nxe7+ Rxe7 30. Qxe7 Qxd2+ 31. Re2 Qd5+ 32. Kh3 h5 33. Qe8+ Bf8 34. Qe4 Qxe4 35. Rxe4 Nd6 36. Re6 Kf7 37. f5 Nxf5 38. Rb6 Nxg3 39. Kxg3 Ne5 40. Kh4 Bb4 41. Kxh5 Ke7 42. Rxb7+ Kd6 43. Kg5 Nc4 44. b3 Nd2 45. Kf4 Nxb3 46. Ke3 Kd5 47. Ke2 Nc5 48. Rh7 Kc4 49. Kd1 Kb3 50. Kc1 Nxa4 51. Kd1 Nc3+ 52. Kc1 a4 53. Ra7 a3 54. Rxa3+ Bxa3+ 55. Kd2 Kc4 56. Ke3 Bd6 57. Kf3 Kd3 58. Kf2 Ke4 59. Kg2 Nd1 60. Kf1 Kf3 61. Kg1 Nf2 62. Kf1 Bh2 63. Ke1 Ne4 64. Kd1 Ke3 65. Kc2 Nd2 66. Kc3 Bd6 67. Kc2 Be5 68. Kd1 Kd3 69. Ke1 Bg3+ 70. Kd1 Nc4 71. Kc1 Bh4 72. Kd1 Nb2+ 73. Kc1 Kc3 74. Kb1 Bg5 75. Ka2 Nc4 76. Kb1 Kb3 77. Ka1 Bf4 78. Kb1 Na3+ 79. Ka1 Be5# 0-1

[Event "Erfurt op-A 29th"]
[Site "Erfurt"]
[Date "2019.12.29"]
[Round "7"]
[White "Schmid, Anton"]
[Black "Greiner, Timo"]
[Result "1-0"]
[WhiteElo "1783"]
[BlackElo "2086"]
[PlyCount "55"]
[EventDate "2019.12.26"]
[EventType "swiss"]
[EventRounds "8"]
[EventCountry "GER"]
[SourceTitle "CBM 194 Extra"]
[Source "ChessBase"]
[SourceDate "2020.03.31"]
[SourceVersion "1"]
[SourceVersionDate "2020.03.31"]
[SourceQuality "1"]

1. d4 d5 2. c4 c6 3. Nf3 Nf6 4. e3 Bf5 5. Qb3 Qc7 6. Nc3 e6 7. Nh4 Be4 8. f3 Bg6 9. Nxg6 hxg6 10. g3 Bd6 11. Ne2 dxc4 12. Qxc4 Nbd7 13. Bd2 e5 14. Bb4 Bxb4+ 15. Qxb4 Nd5 16. Qa3 exd4 17. Nxd4 Qb6 18. 0-0-0 0-0-0 19. Kb1 Rhe8 20. e4 Nb4 21. Nb5 cxb5 22. Qxb4 a6 23. Bh3 f5 24. exf5 Nf6 25. Qf4 g5 26. Rc1+ Kd7 27. Qxg5 Re7 28. Qg6 1-0

[Event "Hofheim Spring op-A 5th"]
[Site "Hofheim"]
[Date "2017.04.10"]
[Round "6"]
[White "Oltzen, Samuel David"]
[Black "Greiner, Timo"]
[Result "1/2-1/2"]
[WhiteElo "1905"]
[BlackElo "2112"]
[PlyCount "140"]
[EventDate "2017.04.07"]
[EventType "swiss"]
[EventRounds "9"]
[EventCountry "GER"]
[SourceTitle "CBM 177 Extra"]
[Source "ChessBase"]
[SourceDate "2017.04.27"]
[SourceVersion "1"]
[SourceVersionDate "2017.04.27"]
[SourceQuality "1"]

1. e4 c5 2. Nf3 Nc6 3. d4 cxd4 4. Nxd4 Nf6 5. Nc3 e5 6. Ndb5 d6 7. Bg5 a6 8. Na3 b5 9. Nd5 Be7 10. Bxf6 Bxf6 11. c4 b4 12. Nc2 a5 13. Qf3 Bg5 14. h4 Bh6 15. g4 Bf4 16. Nxf4 Qf6 17. 0-0-0 Qxf4+ 18. Qxf4 exf4 19. Rxd6 Ne5 20. g5 Bb7 21. c5 Ke7 22. Bh3 Rhd8 23. Rhd1 Ba6 24. Ne1 Bc4 25. b3 Be6 26. Bxe6 fxe6 27. Nd3 Nxd3+ 28. R1xd3 Rxd6 29. cxd6+ Kd7 30. Rd4 Rc8+ 31. Kd2 Rc5 32. e5 Rxe5 33. Rxf4 Kxd6 34. Rf7 Re4 35. Rxg7 Rxh4 36. Ra7 Rf4 37. Ke3 Rf5 38. f4 e5 39. Ra6+ Ke7 40. Ke4 Rxf4+ 41. Kxe5 Rf2 42. Ra7+ Kf8 43. Rxa5 Kg7 44. Kd6 Rc2 45. Ra4 Kg6 46. Rxb4 Rxa2 47. Rb5 Rg2 48. b4 Rg4 49. Rb8 Kg7 50. b5 Rxg5 51. b6 Rb5 52. Kc6 Rb1 53. Rd8 Rc1+ 54. Kd7 Rb1 55. Kc7 Rc1+ 56. Kb8 Kf6 57. b7 Kg5 58. Rd4 Rb1 59. Kc7 h5 60. b8Q Rxb8 61. Kxb8 h4 62. Kc7 h3 63. Rd8 Kf4 64. Rh8 Kg3 65. Kd6 Kg2 66. Rg8+ Kf3 67. Rh8 Kg2 68. Ke5 h2 69. Kf4 h1Q 70. Rxh1 Kxh1 1/2-1/2

[Event "Hofheim Spring op-A 5th"]
[Site "Hofheim"]
[Date "2017.04.08"]
[Round "3"]
[White "Greiner, Timo"]
[Black "Werner, Dimo"]
[Result "1/2-1/2"]
[WhiteElo "2112"]
[BlackElo "2042"]
[PlyCount "28"]
[EventDate "2017.04.07"]
[EventType "swiss"]
[EventRounds "9"]
[EventCountry "GER"]
[SourceTitle "CBM 177 Extra"]
[Source "ChessBase"]
[SourceDate "2017.04.27"]
[SourceVersion "1"]
[SourceVersionDate "2017.04.27"]
[SourceQuality "1"]

1. e4 e6 2. d4 d5 3. Nc3 dxe4 4. Nxe4 Bd7 5. Nf3 Bc6 6. Bd3 Nd7 7. Qe2 Ngf6 8. Neg5 Bxf3 9. Nxf3 c5 10. Bd2 cxd4 11. Nxd4 Bc5 12. Nb3 Be7 13. 0-0-0 a6 14. c4 Ne5 1/2-1/2

[Event "Hofheim Spring op-A 5th"]
[Site "Hofheim"]
[Date "2017.04.08"]
[Round "2"]
[White "Zweschper, Erich"]
[Black "Greiner, Timo"]
[Result "1/2-1/2"]
[WhiteElo "2022"]
[BlackElo "2112"]
[PlyCount "77"]
[EventDate "2017.04.07"]
[EventType "swiss"]
[EventRounds "9"]
[EventCountry "GER"]
[SourceTitle "CBM 177 Extra"]
[Source "ChessBase"]
[SourceDate "2017.04.27"]
[SourceVersion "1"]
[SourceVersionDate "2017.04.27"]
[SourceQuality "1"]

1. d4 d5 2. Nf3 Nf6 3. Bf4 c5 4. c3 Nc6 5. e3 Qb6 6. Qb3 c4 7. Qc2 Bf5 8. Qc1 e6 9. Nbd2 Be7 10. Be2 0-0 11. h3 Ne4 12. 0-0 Qd8 13. Nxe4 Bxe4 14. Nd2 Bg6 15. e4 Bd6 16. Bxd6 Qxd6 17. e5 Qe7 18. f4 f6 19. Nf3 fxe5 20. fxe5 h6 21. Qe3 b5 22. a3 a5 23. g3 b4 24. axb4 axb4 25. Rxa8 Rxa8 26. Nh4 Bh7 27. Bh5 Rf8 28. Rxf8+ Qxf8 29. Bg4 Qf7 30. Ng2 Bf5 31. Nf4 bxc3 32. bxc3 Bxg4 33. hxg4 Ne7 34. Kg2 Ng6 35. Nh3 Qb7 36. g5 Qb2+ 37. Nf2 h5 38. Kh3 Qb1 39. Kg2 1/2-1/2

[Event "Leipzig VfB op 23rd"]
[Site "Leipzig"]
[Date "2016.03.16"]
[Round "3"]
[White "Sell, Markus"]
[Black "Greiner, Timo"]
[Result "0-1"]
[WhiteElo "1813"]
[BlackElo "2088"]
[PlyCount "82"]
[EventDate "2016.03.15"]
[EventType "swiss"]
[EventRounds "9"]
[EventCountry "GER"]
[SourceTitle "EXT 2017"]
[Source "ChessBase"]
[SourceDate "2016.10.25"]
[SourceVersion "1"]
[SourceVersionDate "2016.10.25"]
[SourceQuality "1"]

1. Nf3 d5 2. g3 Nf6 3. Bg2 c6 4. d3 Bf5 5. 0-0 h6 6. Nbd2 e6 7. b3 Nbd7 8. Bb2 Be7 9. Re1 0-0 10. e4 dxe4 11. dxe4 Bh7 12. e5 Nd5 13. a3 Nc5 14. Bd4 a5 15. c4 Nc7 16. Bxc5 Bxc5 17. Ne4 Qxd1 18. Raxd1 Bxe4 19. Rxe4 Bxa3 20. Rd7 Rac8 21. Red4 Rfe8 22. Rd1 Bb4 23. Nd2 Bxd2 24. R1xd2 Kf8 25. Kf1 Re7 26. Rd8+ Rxd8 27. Rxd8+ Re8 28. Rd7 Rc8 29. Ke2 Ke8 30. Rd1 Na6 31. Ra1 Nc5 32. Rxa5 Nxb3 33. Ra7 Rc7 34. Ra8+ Ke7 35. f4 Rd7 36. Rb8 Na5 37. Be4 Nxc4 38. Bd3 Na5 39. Rg8 g6 40. g4 Nb3 41. Rh8 Nc1+ 0-1

[Event "Erfurt op 25th"]
[Site "Erfurt"]
[Date "2015.12.27"]
[Round "2"]
[White "Hess, Christian"]
[Black "Greiner, Timo"]
[Result "1-0"]
[WhiteElo "2259"]
[BlackElo "2059"]
[PlyCount "85"]
[EventDate "2015.12.26"]
[EventType "swiss"]
[EventRounds "8"]
[EventCountry "GER"]
[SourceTitle "EXT 2017"]
[Source "ChessBase"]
[SourceDate "2016.10.25"]
[SourceVersion "1"]
[SourceVersionDate "2016.10.25"]
[SourceQuality "1"]

1. Nf3 d5 2. c4 c6 3. b3 Nf6 4. Bb2 Bf5 5. g3 e6 6. Bg2 h6 7. 0-0 Nbd7 8. d3 Be7 9. Nbd2 0-0 10. a3 a5 11. Ra2 Bh7 12. Qa1 Qb6 13. Ne5 Nxe5 14. Bxe5 Rfd8 15. Nf3 Ne8 16. Rc1 Bf6 17. Qc3 Bxe5 18. Nxe5 Nf6 19. Rac2 Nd7 20. Nf3 Bg6 21. Rb2 Nf6 22. Ne5 Bh7 23. b4 axb4 24. axb4 Qc7 25. Nf3 Qb6 26. b5 Qc5 27. bxc6 bxc6 28. Qb4 Qxb4 29. Rxb4 Rdb8 30. Rxb8+ Rxb8 31. Ne5 dxc4 32. Nxc4 c5 33. Ne5 Bf5 34. Nc6 Rb5 35. Ne7+ Kf8 36. Nxf5 exf5 37. Bc6 Ra5 38. Rb1 Ke7 39. Rb7+ Ke6 40. Bb5 Ra1+ 41. Kg2 g5 42. Bc4+ Ke5 43. Re7+ 1-0

[Event "Apolda op 16th"]
[Site "Apolda"]
[Date "2007.08.26"]
[Round "7"]
[White "Steinmetzer, Thomas"]
[Black "Greiner, Timo"]
[Result "1/2-1/2"]
[WhiteElo "2015"]
[BlackElo "2113"]
[PlyCount "72"]
[EventDate "2007.08.23"]
[EventType "swiss"]
[EventRounds "7"]
[EventCountry "GER"]
[SourceTitle "CBM 120 Extra"]
[Source "ChessBase"]
[SourceDate "2007.11.01"]
[SourceVersion "1"]
[SourceVersionDate "2007.11.01"]
[SourceQuality "1"]

1. e4 c5 2. Nf3 Nc6 3. d4 cxd4 4. Nxd4 Nf6 5. Nc3 e5 6. Ndb5 d6 7. Nd5 Nxd5 8. exd5 Nb8 9. c4 Be7 10. Be2 0-0 11. 0-0 a6 12. Nc3 Nd7 13. Kh1 f5 14. f4 Bf6 15. Qc2 g6 16. Rb1 exf4 17. Bxf4 Ne5 18. b4 g5 19. Be3 Qe7 20. Bd4 Qg7 21. c5 Qh6 22. Qd2 Bd7 23. b5 dxc5 24. Bxc5 Rf7 25. bxa6 bxa6 26. Rb6 Qh4 27. Bf2 Qh6 28. Bd4 Qg7 29. Rxa6 Rxa6 30. Bxa6 Nf3 31. Rxf3 Bxd4 32. Ne2 Ba7 33. Rf1 Re7 34. Bc4 Kh8 35. Qa5 Bb8 36. Qc3 Be5 1/2-1/2

[Event "Friedrichroda op 11th"]
[Site "Friedrichroda"]
[Date "2007.08.11"]
[Round "6"]
[White "Wendling, Hannes"]
[Black "Greiner, Timo"]
[Result "1-0"]
[WhiteElo "2123"]
[BlackElo "2113"]
[PlyCount "75"]
[EventDate "2007.08.08"]
[EventType "swiss"]
[EventRounds "7"]
[EventCountry "GER"]
[SourceTitle "CBM 120 Extra"]
[Source "ChessBase"]
[SourceDate "2007.11.01"]
[SourceVersion "1"]
[SourceVersionDate "2007.11.01"]
[SourceQuality "1"]

1. e4 c5 2. Nf3 Nc6 3. d4 cxd4 4. Nxd4 Nf6 5. Nc3 e5 6. Ndb5 d6 7. Bg5 a6 8. Na3 b5 9. Nd5 Be7 10. Bxf6 Bxf6 11. c3 Bg5 12. Nc2 0-0 13. a4 bxa4 14. Rxa4 a5 15. Bc4 Rb8 16. Ra2 Kh8 17. Nce3 Bxe3 18. Nxe3 Ne7 19. g4 g6 20. 0-0 f5 21. f4 Qb6 22. Qd2 exf4 23. Rxf4 g5 24. Rf2 Bb7 25. exf5 Nc6 26. Bd5 Rfe8 27. Nc4 Qc5 28. b3 Ne5 29. Nxe5 dxe5 30. c4 Bxd5 31. Rxa5 Qb6 32. Rxd5 Qxb3 33. Qxg5 Qxc4 34. Rd1 Rb6 35. h3 Qb3 36. Rdf1 Qg3+ 37. Rg2 Qxh3 38. f6 1-0

[Event "Friedrichroda op 11th"]
[Site "Friedrichroda"]
[Date "2007.08.10"]
[Round "4"]
[White "Stiefel, Roland"]
[Black "Greiner, Timo"]
[Result "1-0"]
[WhiteElo "2077"]
[BlackElo "2113"]
[PlyCount "43"]
[EventDate "2007.08.08"]
[EventType "swiss"]
[EventRounds "7"]
[EventCountry "GER"]
[SourceTitle "CBM 120 Extra"]
[Source "ChessBase"]
[SourceDate "2007.11.01"]
[SourceVersion "1"]
[SourceVersionDate "2007.11.01"]
[SourceQuality "1"]

1. Nc3 d5 2. e4 d4 3. Nce2 e5 4. Ng3 Be6 5. Nf3 f6 6. c3 d3 7. Nh4 g6 8. Qf3 c5 9. Qxd3 Qc7 10. Qc2 Bg7 11. Be2 Ne7 12. 0-0 0-0 13. d3 f5 14. exf5 Nxf5 15. Nhxf5 Bxf5 16. Nxf5 Rxf5 17. Bf3 Nc6 18. Be4 Rff8 19. Be3 b6 20. b4 Rad8 21. bxc5 b5 22. Qb3+ 1-0

[Event "Jena Schwarzer Baer op"]
[Site "Jena"]
[Date "2007.02.04"]
[Round "4"]
[White "Greiner, Timo"]
[Black "Klamp, Christoph"]
[Result "1/2-1/2"]
[WhiteElo "1776"]
[BlackElo "2105"]
[PlyCount "38"]
[EventDate "2007.02.03"]
[EventType "swiss"]
[EventRounds "7"]
[EventCountry "GER"]
[SourceTitle "EXT 2008"]
[Source "ChessBase"]
[SourceDate "2007.11.25"]
[SourceVersion "1"]
[SourceVersionDate "2007.11.25"]
[SourceQuality "1"]

1. e4 c6 2. d4 d5 3. Nc3 dxe4 4. Nxe4 Nf6 5. Nxf6+ gxf6 6. c3 Bf5 7. Ne2 Nd7 8. Ng3 Bg6 9. h4 h5 10. Be2 Qa5 11. b4 Qc7 12. Bxh5 Bxh5 13. Nxh5 a5 14. Bb2 e5 15. Qf3 exd4 16. Nxf6+ Nxf6 17. Qxf6 Qe7+ 18. Qxe7+ Bxe7 19. cxd4 Rxh4 1/2-1/2